MARC

LEADER 00000nam0a2200000 4500
001 327710
005 20231102004004.0
035 |a (RuTPU)RU\TPU\book\353397 
090 |a 327710 
100 |a 20170202d1901 k y0rusy50 ca 
101 0 |a rus 
102 |a RU 
105 |a a z 001zy 
200 1 |a Катунь и ее истоки : путешествия 1897-1899 годов  |f В. В. Сапожников 
210 |a Томск  |c Паровая типо-лит. П. И. Макушина  |d 1901 
215 |a 286 с.  |c ил. 
316 |5 63413507: КР-2138  |a На форзаце печатный экслибрис: "Из книг Антонины Бойченко и Сергея Гудымовича" 
317 |5 63413507: КР-2138  |a Поступил в НТБ в 2004 г. в составе книжного собрания кафедры общей геологии 
320 |a Библиогр. в начале кн. 
600 1 |a Сапожников  |b В. В.  |c российский ботаник  |c географ  |f 1861-1924  |g Василий Васильевич  |c профессор Томского университета  |c внештатный преподаватель ТТИ  |2 stltpush  |3 (RuTPU)RU\TPU\pers\21852 
606 1 |a Путешествия  |2 stltpush  |3 (RuTPU)RU\TPU\subj\53234  |9 71554 
610 1 |a географические экспедиции 
610 1 |a Горный Алтай 
610 1 |a реки 
610 1 |a Катунь 
610 1 |a истоки 
610 1 |a 19 век 
610 1 |a история 
610 1 |a растения 
610 1 |a горы 
610 1 |a Коллекция кафедры общей геологии 
610 1 |a дары библиотеке 
610 1 |a владельческие знаки 
610 1 |a экслибрисы 
675 |a 910.4  |v 4 
700 1 |a Сапожников  |b В. В.  |c российский ботаник  |c географ  |c профессор Томского университета  |c внештатный преподаватель ТТИ  |f 1861-1924  |g Василий Васильевич  |2 stltpush  |3 (RuTPU)RU\TPU\pers\21852  |9 9190 
702 1 |a Гудымович  |b С. С.  |c горный инженер, геолог  |c доцент Томского политехнического университета, кандидат геолого-минералогических наук  |f 1933-  |g Сергей Сергеевич  |2 stltpush  |3 (RuTPU)RU\TPU\pers\20757  |4 390 
801 1 |a RU  |b 63413507  |c 20170202 
801 2 |a RU  |b 63413507  |c 20220517  |g RCR 
942 |c BK